000 00426nam a22001577a 4500
005 20251108170645.0
008 250721s1995 xx 000 0 eng d
082 1 4 _af/gar
100 1 _agargl, balwant
245 1 4 _athe naked triangle :
_ban autobiographucal novel /
264 1 _anew delhi :
_bVikas Publishing House PVT LTD,
_c1995.
300 _a216p.
650 1 7 _aenglish fiction
942 _2ddc
_cBK
999 _c45867
_d45867